000 00531nam a22001817a 4500
005 20260415122006.0
008 260224b |||||||| |||| 00| 0 eng d
020 _a978-1-138-08917-4
050 _aHV 2474 .H 55 2019
100 _aHILL, JOSEPH C.
245 _aSIGN LANGUAGES: STRUCTURES AND CONTEXTS
260 _aLONDON,
_bROUTLEDGE TAILOR & FRANCIS GROUP,
_c2019,
300 _aXi, 215 p, ill
500 _aINCLUDES INDEX
650 _aSIGN LANGUANGES
700 _aLILO-MARTIN DIANE C, WOOD SANDRA K
942 _2lcc
_cBK
999 _c216614
_d216614